000
00261nam a2200109Ia 4500
008
200302s9999 xx 000 0 und d
100
_a
Roger Yee
245
_a
Urban Spaces No. 6
260
_b
Visual Profile Books Inc, New York
260
_c
2010
300
_a
206 P
999
_c
4404
_d
4404